A house for Mr Biswas: Critical perspective (Record no. 23579)

MARC details
000 -LEADER
fixed length control field 00477nam a2200169Ia 4500
008 - FIXED-LENGTH DATA ELEMENTS--GENERAL INFORMATION
fixed length control field 230917s9999||||xx |||||||||||||| ||und||
020 ## - ISBN
Price RS650
040 ## - CATALOGING SOURCE
-- 241737
Original cataloging agency VIVEKANANDA LIBRARY
041 ## - Language
-- English
082 ## - DDC NUMBER
Classification number 823.09 N143B:V
100 ## - MAIN ENTRY--PERSONAL NAME
Personal name Bharat, Meenakshi, ed.
245 #2 - TITLE STATEMENT
Title A house for Mr Biswas: Critical perspective
260 ## - PUBLICATION, DISTRIBUTION, ETC. (IMPRINT)
Place of publication, distribution, etc New Delhi
Name of publisher, distributor, etc Pencraft International
Date of publication, distribution, etc 2013
300 ## - PHYSICAL DESCRIPTION
Pages 246 p.
500 ## - GENERAL NOTE
General note 2820 18/08/2017 HBD17/7040 21/08/2017 Main Budget
942 ## - ADDED ENTRY ELEMENTS (KOHA)
Koha item type Books
Holdings
Withdrawn status Lost status Damaged status Not for loan Location (home branch) Sublocation or collection (holding branch) Date acquired Koha issues (times borrowed) Koha full call number Accession No. Koha date last seen Koha item type
        VIVEKANANDA LIBRARY VIVEKANANDA LIBRARY 15/11/2017 1 823.09 N143B:V 367076 05/11/2024 Books
© Designed and Maintained by Vivekananda Library, MDU Rohtak